000 00575nam a2200205Ia 4500
003 OSt
005 20240416114859.0
008 210210b2001 xxu||||| |||| 00| 0 eng d
020 _a81 87321 66 0
040 _cAL
082 _aK894.3 VASA
100 _aVASANTARAVU DESHAPANDE.
_9154092
_dವಸಂತರಾವ್ ದೇಶಪಾಂಡೆ
245 _aAdavi
_bಅಡವಿ
260 _aBengaluru
_bAnkita Pustaka
_c2001
300 _aviii,168
650 _aಕಾದಂಬರಿ
_9154096
690 _aKannada Fiction
_9154093
906 _a058288
942 _2ddc
_cBK
999 _c105530
_d105530